[Event "Championnat de Martinique Toutes Catégor"]
[Site "Lamentin"]
[Date "2019.05.30"]
[Round "5.4"]
[White "Laposte, Nicolas"]
[Black "Francois-Haugrin, Said"]
[Result "0-1"]
[WhiteElo "1519"]
[BlackElo "1897"]
[PlyCount "100"]
[EventDate "2019.??.??"]

1. e4 c5 2. Nc3 Nc6 3. f4 e6 4. Nf3 d5 5. exd5 exd5 6. d4 Be7 7. Bb5 Nf6 8. Ne5
Bd7 9. dxc5 Bxc5 10. Nxd7 Qxd7 11. Bd2 O-O 12. Qf3 Rfe8+ 13. Ne2 Ng4 14. O-O-O
Nf2 15. Rdf1 Nxh1 16. Rxh1 a6 17. Bd3 Nb4 18. Bxb4 Bxb4 19. Nd4 Bc5 20. Nf5 g6
21. Qg4 Qe6 22. Nh6+ Kg7 23. Nf5+ Kh8 24. Nh6 f5 25. Qh3 Qe3+ 26. Qxe3 Bxe3+
27. Kb1 Bxf4 28. Nf7+ Kg7 29. g3 Kxf7 30. gxf4 Re3 31. Rd1 Rf3 32. c4 d4 33. c5
Rxf4 34. Bc4+ Kf6 35. Re1 Re4 36. Rd1 Rd8 37. c6 bxc6 38. Bxa6 f4 39. Rf1 d3
40. Rd1 Re3 41. Bb7 Rd6 42. a4 f3 43. a5 f2 44. a6 Re1 45. a7 Rxd1+ 46. Ka2
f1=Q 47. a8=Q Ra1+ 48. Kb3 Qd1+ 49. Kc3 Qc2+ 50. Kb4 Rd4# 0-1

[Event "Championnat de Martinique Toutes Catégor"]
[Site "Lamentin"]
[Date "2019.05.30"]
[Round "5.5"]
[White "Evers, Shaman"]
[Black "Gouait, Raymond"]
[Result "1-0"]
[WhiteElo "1626"]
[BlackElo "1612"]
[Annotator "Doe,John"]
[PlyCount "87"]
[EventDate "2019.??.??"]

1. e4 c5 2. Nf3 d6 3. c3 Nf6 4. Bc4 e6 5. d3 a6 6. a4 Nc6 7. O-O h6 8. Re1 e5
9. h3 Be7 10. d4 Qc7 11. Qc2 O-O 12. Nbd2 Bd7 13. Nf1 Rac8 14. d5 Na5 15. b3 b5
16. axb5 axb5 17. Be2 c4 18. b4 Nb3 19. Rb1 Ra8 20. N3d2 Na1 21. Qd1 Ra2 22.
Bb2 Nb3 23. Nxb3 cxb3 24. Qxb3 Rfa8 25. Nd2 Qa7 26. Ra1 Qa4 27. Rxa2 Qxa2 28.
Ra1 Qxb3 29. Rxa8+ Kh7 30. Nxb3 Nxe4 31. Ra7 Nf6 32. Bxb5 Bxb5 33. Rxe7 Nxd5
34. Rxf7 Nf6 35. Rb7 Bc4 36. Na5 Bd5 37. Rb6 Ne8 38. c4 Bf7 39. c5 dxc5 40.
bxc5 e4 41. c6 Bd5 42. Rb7 Kg6 43. Re7 Nd6 44. Rd7 1-0

[Event "Championnat de Martinique Toutes Catégor"]
[Site "Lamentin"]
[Date "2019.05.30"]
[Round "5.6"]
[White "Lefrancois, Frederic"]
[Black "Anselin, Djavan"]
[Result "1-0"]
[WhiteElo "1504"]
[BlackElo "1485"]
[PlyCount "141"]
[EventDate "2019.??.??"]

1. d4 d5 2. c4 e5 3. dxe5 d4 4. Nf3 Nc6 5. e3 Bb4+ 6. Nbd2 dxe3 7. fxe3 Nge7 8.
a3 Bxd2+ 9. Bxd2 O-O 10. Be2 Ng6 11. Bc3 Qe7 12. O-O Ngxe5 13. Qe1 Re8 14. Qg3
f6 15. Nd2 Ng6 16. e4 Kh8 17. Rf2 Be6 18. Re1 Rad8 19. Nf3 Bf7 20. Bd1 Nce5 21.
b3 Rd3 22. Bb2 Red8 23. Bc2 Nxf3+ 24. Rxf3 Rd2 25. Rf2 Qc5 26. Qe3 Qxe3 27.
Rxe3 Rxf2 28. Kxf2 Nf4 29. Bc3 Kg8 30. e5 fxe5 31. Bxe5 Rd2+ 32. Kf1 Nxg2 33.
Rd3 Rxd3 34. Bxd3 Ne3+ 35. Ke2 Ng4 36. Bxc7 Nf6 37. Bf5 Be8 38. Be6+ Kh8 39.
Ke3 Bc6 40. Bb8 a6 41. Kd4 h5 42. Bc7 Kh7 43. Kc5 g5 44. Bd5 Nxd5 45. cxd5 Bd7
46. Kd6 Bf5 47. Ke7 g4 48. Bf4 h4 49. d6 Kg6 50. d7 Bxd7 51. Kxd7 Kf5 52. Bd6
Ke4 53. Kc8 Kd5 54. Bf4 Kc6 55. Kd8 a5 56. Ke7 b5 57. Kf6 b4 58. axb4 axb4 59.
Kf5 g3 60. Bxg3 hxg3 61. hxg3 Kd5 62. g4 Kd4 63. g5 Kc3 64. g6 Kxb3 65. g7 Ka2
66. g8=Q+ b3 67. Qa8+ Kb1 68. Ke4 b2 69. Kd3 Kc1 70. Qa3 Kb1 71. Kc3 1-0

[Event "Championnat de Martinique Toutes Catégor"]
[Site "Lamentin"]
[Date "2019.05.30"]
[Round "2.3"]
[White "Hebrard, Emmanuel"]
[Black "Alcindor, Samuel"]
[Result "1-0"]
[WhiteElo "1663"]
[BlackElo "1570"]
[PlyCount "129"]
[EventDate "2019.??.??"]

1. d4 d5 2. c4 e6 3. e3 Nf6 4. Nf3 Nbd7 5. Nc3 Be7 6. Be2 O-O 7. O-O dxc4 8.
Bxc4 c5 9. a3 b6 10. dxc5 Nxc5 11. b4 Nce4 12. Nxe4 Nxe4 13. Bd3 Bb7 14. Bb2
Rc8 15. Qb1 Nf6 16. Rd1 Qc7 17. Be5 Qc6 18. Ra2 Kh8 19. b5 Qe8 20. Nd4 Nd7 21.
Bg3 Bd5 22. Ra1 Nc5 23. a4 Nxd3 24. Qxd3 Bc5 25. Rac1 Qe7 26. Nf5 Qb7 27. h4
Rfd8 28. e4 exf5 29. exd5 Qd7 30. Rc2 Re8 31. Re2 Rxe2 32. Qxe2 Re8 33. Qf3 Re4
34. d6 h6 35. a5 bxa5 36. Qc3 Bb6 37. Qc6 Qd8 38. d7 Kh7 39. Qd5 Re7 40. Qxf5+
g6 41. Qd5 a4 42. h5 a3 43. hxg6+ fxg6 44. Be5 Qf8 45. Rd2 Bd8 46. Qd6 Rf7 47.
Qxf8 Rxf8 48. Bd6 Rf5 49. Bxa3 Rxb5 50. Kf1 Kg7 51. Ke2 Kf7 52. g3 a5 53. Rd3
Rb6 54. f3 a4 55. Rd4 Ra6 56. Rf4+ Ke6 57. Rd4 Ra8 58. Rd6+ Kf7 59. Rc6 Bf6 60.
Rc8 Ra6 61. Rf8+ Kg7 62. Rxf6 Rxf6 63. d8=Q Re6+ 64. Kf2 Kf7 65. Qf8# 1-0

[Event "Championnat de Martinique Toutes Catégor"]
[Site "Lamentin"]
[Date "2019.05.30"]
[Round "6.1"]
[White "Verneuil, Pascal"]
[Black "Alcindor, Samuel"]
[Result "1-0"]
[WhiteElo "2112"]
[BlackElo "1570"]
[PlyCount "69"]
[EventDate "2019.??.??"]

1. e4 c5 2. Nc3 Nc6 3. Bb5 g6 4. Bxc6 dxc6 5. d3 Bg7 6. Be3 b6 7. Qd2 Nf6 8. h3
O-O 9. f4 c4 10. e5 Nd5 11. dxc4 Nxe3 12. Qxe3 Ba6 13. b3 f6 14. Nf3 Qc7 15.
O-O-O fxe5 16. fxe5 Rad8 17. Rd3 Bc8 18. Rhd1 Bf5 19. Rxd8 Rxd8 20. Rxd8+ Qxd8
21. g4 Bc8 22. Ne4 c5 23. Qd3 Qc7 24. Qd5+ Kh8 25. Neg5 h6 26. Ne6 Qb7 27. Qd8+
Kh7 28. Nf8+ Bxf8 29. Qxf8 Be6 30. g5 Qe4 31. Qxe7+ Kh8 32. Qf6+ Kh7 33. gxh6
Qe3+ 34. Kb2 Kxh6 35. Qh8# 1-0

[Event "Championnat de Martinique Toutes Catégor"]
[Site "Lamentin"]
[Date "2019.05.30"]
[Round "6.2"]
[White "Suez-Panama, Gilles"]
[Black "Francois-Haugrin, Said"]
[Result "1/2-1/2"]
[WhiteElo "1956"]
[BlackElo "1897"]
[PlyCount "67"]
[EventDate "2019.??.??"]

1. Nf3 Nf6 2. b3 g6 3. Bb2 Bg7 4. e3 O-O 5. d4 d5 6. Bd3 Nbd7 7. Nbd2 b6 8. O-O
Bb7 9. Qe2 e6 10. Rac1 Ne4 11. c4 Nxd2 12. Nxd2 e5 13. cxd5 exd4 14. e4 Nc5 15.
Nf3 Re8 16. Qc2 c6 17. Rfe1 cxd5 18. e5 Rc8 19. Bxd4 Ne6 20. Qb2 Nxd4 21. Qxd4
Rxc1 22. Rxc1 Qb8 23. Re1 Qc7 24. h4 Qc5 25. Qf4 Qc3 26. Bb5 Rc8 27. h5 d4 28.
Qxd4 Bxf3 29. Qxc3 Rxc3 30. gxf3 Rc5 31. Bc4 Rxe5 32. Rxe5 Bxe5 33. hxg6 hxg6
34. Kf1 1/2-1/2

[Event "Championnat de Martinique Toutes Catégor"]
[Site "Lamentin"]
[Date "2019.05.30"]
[Round "6.3"]
[White "Hebrard, Emmanuel"]
[Black "Laposte, Nicolas"]
[Result "1-0"]
[WhiteElo "1663"]
[BlackElo "1519"]
[PlyCount "135"]
[EventDate "2019.??.??"]

1. d4 d5 2. c4 c6 3. Nc3 Nf6 4. Nf3 e6 5. e3 Nbd7 6. Be2 dxc4 7. Bxc4 Bd6 8. a4
a5 9. O-O O-O 10. e4 Bb4 11. Re1 Re8 12. Bg5 h6 13. Bh4 Be7 14. h3 Nb6 15. Ba2
Nh7 16. Bxe7 Rxe7 17. Ne5 Nd7 18. Nc4 Nb6 19. Qd2 Nxc4 20. Bxc4 Nf6 21. Rad1
Qb6 22. Re3 Bd7 23. Be2 Rd8 24. Rg3 Kh8 25. e5 Nd5 26. Ne4 Qb4 27. Qxb4 Nxb4
28. Nd6 Be8 29. f4 g6 30. Rf3 Rb8 31. g4 Bd7 32. h4 Kh7 33. Rc1 b6 34. b3 Kh8
35. Bd3 Nxd3 36. Rxd3 Kg7 37. Rb1 b5 38. Ra1 b4 39. Rc1 Rb6 40. Rc5 Ra6 41. Nc4
Be8 42. Rxa5 Rxa5 43. Nxa5 Ra7 44. Nc4 Kf8 45. Nd6 Bd7 46. Rd1 Ke7 47. Rc1 Ra8
48. Kf2 f6 49. Ke3 f5 50. Rg1 Rg8 51. Rg2 g5 52. fxg5 hxg5 53. gxf5 exf5 54.
Rxg5 Rxg5 55. hxg5 Be6 56. a5 Bxb3 57. a6 Bd5 58. Nxf5+ Kd7 59. Kd2 Kc7 60. g6
Kd7 61. g7 b3 62. Kc3 b2 63. Kxb2 c5 64. a7 c4 65. a8=Q c3+ 66. Kxc3 Bc4 67.
g8=Q Ba6 68. Qf7# 1-0

[Event "Championnat de Martinique Toutes Catégor"]
[Site "Lamentin"]
[Date "2019.06.01"]
[Round "6.4"]
[White "Gouait, Raymond"]
[Black "Grange, Julien"]
[Result "0-1"]
[WhiteElo "1612"]
[BlackElo "1895"]
[PlyCount "92"]
[EventDate "2019.??.??"]

1. d4 Nf6 2. Nf3 d5 3. c4 c6 4. Nc3 e6 5. Bg5 Be7 6. e3 Nbd7 7. cxd5 exd5 8.
Rc1 O-O 9. Bd3 Ne4 10. Bf4 Ndf6 11. Ne5 Re8 12. f3 Nd6 13. O-O Bf5 14. Kh1 Bxd3
15. Qxd3 Nh5 16. Rce1 Nxf4 17. exf4 Bf8 18. Ng4 Qd7 19. Re5 f5 20. Nf2 g6 21.
Rfe1 Bg7 22. R5e2 Rxe2 23. Rxe2 Re8 24. b3 Re6 25. a4 Kf7 26. g4 Qe7 27. g5
Rxe2 28. Nxe2 Qc7 29. Kg2 b6 30. Qc2 Nb7 31. Nd3 Nd8 32. Ne5+ Bxe5 33. dxe5 Ne6
34. Qd2 a5 35. Kg3 Qe7 36. Qc3 Qc5 37. Qd3 b5 38. h4 Ke7 39. Qd2 bxa4 40. bxa4
Qb4 41. Qd3 Qe1+ 42. Kg2 Qxe2+ 43. Qxe2 Nxf4+ 44. Kf2 Nxe2 45. Kxe2 f4 46. Kd3
c5 0-1

[Event "Championnat de Martinique Toutes Catégor"]
[Site "Lamentin"]
[Date "2019.05.30"]
[Round "6.5"]
[White "Anselin, Djavan"]
[Black "Evers, Shaman"]
[Result "1-0"]
[WhiteElo "1485"]
[BlackElo "1626"]
[PlyCount "115"]
[EventDate "2019.??.??"]

1. e4 e5 2. f4 exf4 3. Nf3 g5 4. h4 g4 5. Ng5 h6 6. Nxf7 Kxf7 7. Bc4+ Ke8 8.
Qxg4 Nf6 9. Qg6+ Ke7 10. e5 d5 11. Qxf6+ Ke8 12. Qxh8 dxc4 13. Qf6 Qxf6 14.
exf6 Nd7 15. d4 cxd3 16. cxd3 Nxf6 17. Bxf4 Nd5 18. O-O Nb4 19. Nc3 Bg4 20.
Rae1+ Kd7 21. Kh1 Nxd3 22. Rd1 Bxd1 23. Rxd1 Ke6 24. Rxd3 c6 25. Rd1 Kf5 26. g3
Re8 27. Kg2 b5 28. a3 a5 29. Kf3 b4 30. axb4 axb4 31. Ne2 c5 32. Rd5+ Kg6 33.
Be3 c4 34. Bc5 Bg7 35. Bd4 Rf8+ 36. Nf4+ Kh7 37. Rd7 Rg8 38. Ne6 c3 39. bxc3 b3
40. c4 h5 41. Rxg7+ Rxg7 42. Nxg7 Kg6 43. Nxh5 Kxh5 44. c5 Kg6 45. c6 Kf7 46.
c7 b2 47. Bxb2 Ke7 48. c8=Q Kd6 49. Qe8 Kc5 50. Qd7 Kc4 51. Qd6 Kb3 52. Qc5
Kxb2 53. Ke3 Kb3 54. Kd3 Kb2 55. Qc3+ Ka2 56. Qb4 Ka1 57. Kc2 Ka2 58. Qb2# 1-0

[Event "Championnat de Martinique Toutes Catégor"]
[Site "Lamentin"]
[Date "2019.05.30"]
[Round "6.6"]
[White "Chancerel, Dominique"]
[Black "Lefrancois, Frederic"]
[Result "1-0"]
[WhiteElo "1726"]
[BlackElo "1504"]
[PlyCount "29"]
[EventDate "2019.??.??"]

1. e4 c5 2. Nf3 Nc6 3. d4 cxd4 4. Nxd4 g6 5. Nc3 Bg7 6. Be3 a6 7. Qd2 d6 8. Be2
Bd7 9. f3 Nf6 10. O-O-O Rc8 11. Kb1 Nxd4 12. Bxd4 O-O 13. g4 Qa5 14. Nd5 Qxd2
15. Nxe7+ 1-0

[Event "Championnat de Martinique Toutes Catégor"]
[Site "Lamentin"]
[Date "2019.05.30"]
[Round "7.1"]
[White "Lefrancois, Frederic"]
[Black "Verneuil, Pascal"]
[Result "0-1"]
[WhiteElo "1504"]
[BlackElo "2112"]
[PlyCount "74"]
[EventDate "2019.??.??"]

1. d4 d5 2. e3 Nf6 3. c4 c5 4. dxc5 Qa5+ 5. Bd2 Qxc5 6. b4 Qc7 7. c5 g6 8. Na3
Bg7 9. Nb5 Qd8 10. Bc3 a6 11. Na3 O-O 12. Nf3 Nc6 13. Qb3 Re8 14. Qb2 e5 15.
Be2 Ne4 16. O-O Nxc3 17. Qxc3 Bg4 18. Nc2 e4 19. Nfd4 Bxe2 20. Rfe1 Bd3 21.
Rad1 Bxc2 22. Qxc2 Nxb4 23. Qb3 Nd3 24. Re2 Nxc5 25. Qa3 Nd3 26. Red2 Bxd4 27.
exd4 Qf6 28. Rxd3 exd3 29. Qxd3 Rac8 30. Qb3 Qxd4 31. h3 Qc3 32. Qxb7 Re1+ 33.
Rxe1 Qxe1+ 34. Kh2 Qe5+ 35. g3 Rc2 36. Qb6 d4 37. h4 Rxf2+ 0-1

[Event "Championnat de Martinique Toutes Catégor"]
[Site "Lamentin"]
[Date "2019.05.30"]
[Round "7.2"]
[White "Francois-Haugrin, Said"]
[Black "Hebrard, Emmanuel"]
[Result "1-0"]
[WhiteElo "1897"]
[BlackElo "1663"]
[PlyCount "57"]
[EventDate "2019.??.??"]

1. e4 e5 2. Nf3 Nc6 3. Bc4 Bc5 4. O-O Nf6 5. d3 h6 6. c3 d6 7. h3 a5 8. d4 exd4
9. cxd4 Bb6 10. Nc3 O-O 11. a3 Re8 12. Re1 Ne7 13. Qb3 Rf8 14. e5 dxe5 15. dxe5
Nd7 16. Bxf7+ Kh8 17. e6 Nc5 18. Qc4 c6 19. Qh4 Nd3 20. Re2 Nxc1 21. Rxc1 Qc7
22. Ne5 Bc5 23. b4 axb4 24. axb4 Bd6 25. Nb5 Qd8 26. Nxd6 Qxd6 27. Qxe7 Qxe7
28. Ng6+ Kh7 29. Nxe7 1-0

[Event "Championnat de Martinique Toutes Catégor"]
[Site "Lamentin"]
[Date "2019.05.30"]
[Round "7.3"]
[White "Alcindor, Samuel"]
[Black "Suez-Panama, Gilles"]
[Result "0-1"]
[WhiteElo "1570"]
[BlackElo "1956"]
[Annotator "Doe,John"]
[PlyCount "90"]
[EventDate "2019.??.??"]

1. e4 g6 2. d4 Bg7 3. f4 c5 4. d5 d6 5. Nc3 Nf6 6. Nf3 O-O 7. Be3 b5 8. e5 Ng4
9. Qd2 b4 10. Ne2 Nxe3 11. Qxe3 Qa5 12. Nc1 Bg4 13. Nb3 Qc7 14. Be2 Nd7 15. O-O
a5 16. Rae1 a4 17. Nbd2 Nb6 18. Bc4 a3 19. b3 Rad8 20. Kh1 Bf5 21. exd6 (21. e6
fxe6 22. dxe6 d5) 21... exd6 22. Re2 Bxc2 23. Nh4 Bf6 24. Qg3 Bxh4 25. Qxh4
Nxc4 26. Nxc4 Bd3 27. Re7 Rd7 28. Rfe1 Bxc4 29. bxc4 Rxe7 30. Rxe7 Qc8 31. Qf6
Qf5 32. Qa1 Qxf4 33. Re2 Qxc4 34. Qd1 Rb8 35. Rc2 Qb5 36. Re2 c4 37. Rf2 b3 38.
Qf3 Rf8 39. Rf1 Qb4 40. Rc1 b2 41. Rb1 Re8 42. Qd1 c3 43. h3 Qc4 44. Qc2 Re2
45. Rxb2 axb2 0-1

[Event "Championnat de Martinique Toutes Catégor"]
[Site "Lamentin"]
[Date "2019.06.02"]
[Round "7.4"]
[White "Grange, Julien"]
[Black "Anselin, Djavan"]
[Result "1-0"]
[WhiteElo "1895"]
[BlackElo "1485"]
[PlyCount "131"]
[EventDate "2019.??.??"]

1. d4 d5 2. Nf3 Nf6 3. c4 e6 4. Bg5 Be7 5. e3 O-O 6. Nc3 c5 7. dxc5 Bxc5 8.
cxd5 exd5 9. Be2 h6 10. Bh4 Be6 11. O-O Nc6 12. Rc1 Be7 13. Nb5 Rc8 14. Nbd4
Nxd4 15. Nxd4 Rxc1 16. Qxc1 Ne4 17. Bxe7 Qxe7 18. Rd1 Rc8 19. Qb1 Qh4 20. g3
Qf6 21. f3 Nd6 22. Bd3 h5 23. b3 h4 24. g4 Qg5 25. Re1 h3 26. Qb2 Bd7 27. Kh1
Re8 28. f4 Qh4 29. Nf3 Qxg4 30. Ne5 Rxe5 31. fxe5 Qf3+ 32. Kg1 Ne4 33. Qe2 Qf5
34. Bxe4 Qxe4 35. Qf2 Qxe5 36. Rf1 Qg5+ 37. Qg3 Qxg3+ 38. hxg3 Kf8 39. Rd1 Bc6
40. Kh2 Ke7 41. Kxh3 Ke6 42. Kg4 Kd6 43. Kf4 Bd7 44. e4 Be6 45. e5+ Kc5 46. Ke3
b5 47. Rd4 a5 48. a3 Kc6 49. b4 axb4 50. axb4 Kd7 51. Rh4 Kc7 52. Kd4 Kb6 53.
Rh7 g6 54. Rh8 Kc6 55. Ra8 Kb6 56. Rd8 Kc7 57. Rd6 Kc8 58. Kc5 Bd7 59. Kxd5 Kd8
60. Kc5 Ke7 61. Rxd7+ Kxd7 62. Kxb5 Ke6 63. Kc6 Kxe5 64. b5 Ke4 65. b6 f5 66.
b7 1-0

[Event "Championnat de Martinique Toutes Catégor"]
[Site "Lamentin"]
[Date "2019.05.30"]
[Round "7.5"]
[White "Evers, Shaman"]
[Black "Chancerel, Dominique"]
[Result "1-0"]
[WhiteElo "1626"]
[BlackElo "1726"]
[PlyCount "63"]
[EventDate "2019.??.??"]

1. e4 d6 2. d4 Nf6 3. Nc3 g6 4. Bf4 Bg7 5. Qd2 c6 6. Bh6 O-O 7. f3 e5 8. Bxg7
Kxg7 9. O-O-O Qe7 10. g4 h6 11. h4 Ne8 12. Nge2 Nd7 13. Ng3 Nb6 14. Be2 Kh7 15.
f4 exf4 16. Qxf4 Ng7 17. e5 d5 18. Bd3 Ne6 19. Qf2 Ng7 20. Qe2 Bd7 21. Kb1 Kg8
22. Rdf1 Rae8 23. Rf6 Bc8 24. h5 Nd7 25. Qf1 Ne6 26. hxg6 Nxf6 27. exf6 Qc7 28.
Nf5 fxg6 29. Nxh6+ Kh7 30. Bxg6+ Kh8 31. Nf7+ Kg8 32. Rh8# 1-0

[Event "Championnat de Martinique Toutes Catégor"]
[Site "Lamentin"]
[Date "2019.05.30"]
[Round "7.6"]
[White "Laposte, Nicolas"]
[Black "Gouait, Raymond"]
[Result "0-1"]
[WhiteElo "1519"]
[BlackElo "1612"]
[PlyCount "174"]
[EventDate "2019.??.??"]

1. e4 c5 2. Nc3 d6 3. f4 Nc6 4. Bc4 Nf6 5. Nf3 Bg4 6. O-O g6 7. Be2 Bg7 8. d3
a6 9. a3 O-O 10. Qe1 Nd4 11. Nxd4 cxd4 12. Nd1 Rc8 13. Bxg4 Nxg4 14. Qe2 Nf6
15. f5 Nd7 16. Bf4 Ne5 17. Rc1 Qb6 18. Qd2 Rc6 19. Bh6 Ng4 20. Bxg7 Kxg7 21.
Rf3 Rfc8 22. Qf4 Nf6 23. fxg6 fxg6 24. g4 Rf8 25. Rh3 Ng8 26. Qg3 Qb5 27. g5
Rc5 28. Rh4 Rxg5 29. Rg4 Rxg4 30. Qxg4 Qe5 31. Qg3 Qf6 32. Nf2 Nh6 33. Nh3 e5
34. Qg2 Qh4 35. Qg3 Qh5 36. Ng5 Kg8 37. Rf1 Rxf1+ 38. Kxf1 Qd1+ 39. Qe1 Qxc2
40. Qh4 Qxd3+ 41. Kg1 Qb1+ 42. Kg2 Qxb2+ 43. Kg1 Qc1+ 44. Kg2 Qd2+ 45. Kg1 Qd1+
46. Kg2 Qg4+ 47. Qxg4 Nxg4 48. h3 h6 49. Ne6 Nf6 50. Kf3 b5 51. Nc7 Nd7 52.
Nxa6 Nb6 53. Nc7 b4 54. axb4 Kf7 55. Nb5 Ke7 56. Ke2 d5 57. Kd3 Kd7 58. exd5
Nxd5 59. Na3 g5 60. Ke4 Ke6 61. Nc4 Nxb4 62. Nxe5 d3 63. Nf3 Kf6 64. Nd2 h5 65.
Nc4 Ke6 66. Nd2 Nd5 67. Kxd3 Nf4+ 68. Ke3 Nxh3 69. Kf3 Kf5 70. Kg3 Ng1 71. Kf2
Nh3+ 72. Kg3 Nf4 73. Nf3 g4 74. Ng1 Kg5 75. Nf3+ gxf3 76. Kxf3 h4 77. Kf2 Kg4
78. Kg1 Kg3 79. Kh1 Nd3 80. Kg1 Nf2 81. Kf1 h3 82. Ke1 h2 83. Kf1 h1=Q+ 84. Ke2
Qe4+ 85. Kf1 Qc2 86. Kg1 Ng4 87. Kh1 Qg2# 0-1

[Event "Championnat de Martinique Toutes Catégor"]
[Site "Lamentin"]
[Date "2019.05.30"]
[Round "8.1"]
[White "Verneuil, Pascal"]
[Black "Evers, Shaman"]
[Result "1-0"]
[WhiteElo "2112"]
[BlackElo "1626"]
[PlyCount "71"]
[EventDate "2019.??.??"]

1. e4 e5 2. Nf3 Nf6 3. Nxe5 d6 4. Nf3 Nxe4 5. Bd3 Nc5 6. Be2 Bf5 7. O-O Be7 8.
d4 Ncd7 9. c4 O-O 10. Nc3 h6 11. Qb3 Qc8 12. Nd5 Bf6 13. Bf4 Be4 14. Nxf6+ Nxf6
15. Nd2 Nc6 16. Nxe4 Nxe4 17. Be3 Re8 18. Rfe1 Ne7 19. h3 c6 20. d5 c5 21. Qc2
Nf5 22. Bd3 Nxe3 23. Rxe3 Nf6 24. Rae1 Rxe3 25. Rxe3 Qf8 26. Qb3 b6 27. Qa4 Qd8
28. Bf5 g6 29. Bc2 Kf8 30. Qa3 Qc7 31. Ba4 Nd7 32. Qc3 Kg8 33. Re7 Rd8 34. Bxd7
Rxd7 35. Re8+ Kh7 36. Rh8# 1-0

[Event "Championnat de Martinique Toutes Catégor"]
[Site "Lamentin"]
[Date "2019.05.30"]
[Round "8.2"]
[White "Suez-Panama, Gilles"]
[Black "Hebrard, Emmanuel"]
[Result "1-0"]
[WhiteElo "1956"]
[BlackElo "1663"]
[Annotator "Doe,John"]
[PlyCount "65"]
[EventDate "2019.??.??"]

1. Nf3 d5 (1... Nf6 2. d4 g6 3. c4 Bg7 4. Nc3 O-O 5. Bf4 d6 6. e3) 2. g3 c5 3.
Bg2 Nc6 4. O-O Bf5 5. d3 e6 6. c3 Bd6 7. Nbd2 Nf6 8. Qe1 Bg6 9. e4 dxe4 10.
dxe4 e5 11. Nh4 Qc7 12. Nc4 O-O-O 13. Bg5 Be7 14. a4 Nh5 15. Bxe7 Qxe7 16. Nf5
Qc7 17. Qe3 Ne7 18. Nxe7+ Qxe7 19. b4 Kb8 20. bxc5 Rc8 21. Nd6 Rc7 22. Rfb1 Nf6
23. h3 Nd7 24. Nxb7 Ka8 (24... Rxb7 25. c6 Rxb1+ 26. Rxb1+ Nb6 (26... Ka8 27.
Rb7) 27. a5) 25. c6 Rxc6 26. Bf1 Nc5 27. Na5 Rc7 28. Bc4 Bxe4 29. Qxe4+ Nxe4
30. Bd5+ Rb7 31. Rxb7 (31. Bxb7+ Qxb7) 31... Qxb7 32. Bxb7+ Kb8 33. Bxe4 1-0

[Event "Championnat de Martinique Toutes Catégor"]
[Site "Lamentin"]
[Date "2019.05.30"]
[Round "8.3"]
[White "Gouait, Raymond"]
[Black "Francois-Haugrin, Said"]
[Result "0-1"]
[WhiteElo "1612"]
[BlackElo "1897"]
[PlyCount "98"]
[EventDate "2019.??.??"]

1. d4 Nf6 2. c4 g6 3. Nc3 d5 4. e3 Bg7 5. Nf3 O-O 6. h3 Nc6 7. Be2 dxc4 8. Bxc4
Na5 9. Be2 c5 10. dxc5 Qc7 11. O-O Qxc5 12. a3 Be6 13. Na4 Qc7 14. Nd4 Bd7 15.
b4 Nc6 16. Bb2 e5 17. Nxc6 Bxc6 18. Rc1 Qe7 19. Nc3 a6 20. Qb3 b5 21. Rfd1 Qb7
22. f3 Bh6 23. Nb1 Nd5 24. Rxc6 Qxc6 25. Qxd5 Bxe3+ 26. Kh1 Qxd5 27. Rxd5 Rac8
28. Bxe5 Rc1+ 29. Rd1 Rxd1+ 30. Bxd1 Rc8 31. Nc3 Bd2 32. Ne2 Bc1 33. Kh2 Bxa3
34. Bc3 Rd8 35. Bb3 Rd3 36. Bc2 Re3 37. Bd1 a5 38. bxa5 b4 39. Bd4 Re6 40. Bb6
b3 41. Bxb3 Rxe2 42. Bc4 Rc2 43. Bd5 Rd2 44. Be4 f5 45. Bb7 Bd6+ 46. Kg1 Bb8
47. a6 h6 48. Bc7 Bxc7 49. a7 Bb6+ 0-1

[Event "Championnat de Martinique Toutes Catégor"]
[Site "Lamentin"]
[Date "2019.06.02"]
[Round "8.4"]
[White "Chancerel, Dominique"]
[Black "Grange, Julien"]
[Result "1/2-1/2"]
[WhiteElo "1726"]
[BlackElo "1895"]
[PlyCount "58"]
[EventDate "2019.??.??"]

1. c4 e5 2. g3 Nc6 3. Bg2 d6 4. Nc3 f5 5. d3 Nf6 6. Rb1 g6 7. Bg5 h6 8. Bxf6
Qxf6 9. Nd5 Qd8 10. b4 Bg7 11. b5 Nd4 12. Nf3 Nxf3+ 13. Bxf3 O-O 14. O-O g5 15.
Bg2 e4 16. dxe4 f4 17. e3 c6 18. bxc6 bxc6 19. Nb4 fxe3 20. Nxc6 Qc7 21. Qd5+
Kh8 22. fxe3 Bb7 23. e5 Bxe5 24. Rxf8+ Rxf8 25. c5 Bxc6 26. Qxc6 Qxc6 27. Bxc6
dxc5 28. Rb7 Rc8 29. Be4 Rc7 1/2-1/2

[Event "Championnat de Martinique Toutes Catégor"]
[Site "Lamentin"]
[Date "2019.05.30"]
[Round "8.5"]
[White "Alcindor, Samuel"]
[Black "Lefrancois, Frederic"]
[Result "1-0"]
[WhiteElo "1570"]
[BlackElo "1504"]
[PlyCount "63"]
[EventDate "2019.??.??"]

1. e4 e6 2. d4 c5 3. Nf3 cxd4 4. Nxd4 Nc6 5. Be2 Bc5 6. Nb3 Bb6 7. c4 Nge7 8.
Nc3 O-O 9. O-O f5 10. exf5 Nxf5 11. Nd2 d5 12. cxd5 exd5 13. Nf3 Nfd4 14. Qa4
Bf5 15. Nxd4 Nxd4 16. Bd1 Bd3 17. Re1 Rxf2 18. Be3 Ne2+ 19. Bxe2 Bxe3 20. Bxd3
Qg5 21. Be4 Rxg2+ 22. Kh1 Rxh2+ 23. Kxh2 Bf4+ 24. Kh1 Qh4+ 25. Kg2 Qg3+ 26. Kf1
Rf8 27. Bxd5+ Kh8 28. Re8 Qd3+ 29. Ne2 Bd6+ 30. Rxf8+ Bxf8 31. Qe8 Qf5+ 32. Ke1
1-0

[Event "Championnat de Martinique Toutes Catégor"]
[Site "Lamentin"]
[Date "2019.05.30"]
[Round "8.6"]
[White "Anselin, Djavan"]
[Black "Laposte, Nicolas"]
[Result "1/2-1/2"]
[WhiteElo "1485"]
[BlackElo "1519"]
[PlyCount "74"]
[EventDate "2019.??.??"]

1. e4 e5 2. f4 d6 3. Nf3 Nc6 4. Bc4 Bg4 5. c3 exf4 6. d4 Bxf3 7. Qxf3 Qh4+ 8.
g3 Qf6 9. Qxf4 Qxf4 10. Bxf4 f6 11. Nd2 Nge7 12. O-O-O O-O-O 13. Nf3 d5 14. Bd3
dxe4 15. Bxe4 Nd5 16. Bd2 Nb6 17. b3 Bd6 18. Rhe1 g6 19. Kc2 Rhe8 20. Bd3 Kd7
21. Rxe8 Rxe8 22. Re1 Rxe1 23. Bxe1 Nd5 24. Bf2 a6 25. Be4 Nde7 26. c4 f5 27.
Bxc6+ Nxc6 28. c5 Be7 29. Kc3 Bf6 30. b4 Ke6 31. Kc4 Ne7 32. Be3 c6 33. a4 Nd5
34. Bd2 Bd8 35. b5 Bf6 36. bxc6 bxc6 37. Bc1 Kd7 1/2-1/2

[Event "Championnat de Martinique Toutes Catégor"]
[Site "Lamentin"]
[Date "2019.06.08"]
[Round "9.1"]
[White "Grange, Julien"]
[Black "Verneuil, Pascal"]
[Result "0-1"]
[WhiteElo "1895"]
[BlackElo "2112"]
[PlyCount "38"]
[EventDate "2019.??.??"]

1. c4 e5 2. g3 d6 3. Nc3 f5 4. Bg2 c6 5. d4 Be7 6. e4 Nf6 7. Nge2 O-O 8. O-O
fxe4 9. dxe5 dxe5 10. Nxe4 Qb6 11. Nxf6+ Bxf6 12. Nc3 Be6 13. Qe2 Qb4 14. Be4
Qxc4 15. Qh5 g6 16. Bxg6 hxg6 17. Qxg6+ Bg7 18. Bh6 Qg4 19. Qxg7+ Qxg7 0-1

[Event "Championnat de Martinique Toutes Catégor"]
[Site "Lamentin"]
[Date "2019.05.30"]
[Round "9.2"]
[White "Lefrancois, Frederic"]
[Black "Suez-Panama, Gilles"]
[Result "0-1"]
[WhiteElo "1504"]
[BlackElo "1956"]
[PlyCount "74"]
[EventDate "2019.??.??"]

1. d4 d5 2. c4 c6 3. cxd5 cxd5 4. e3 Nc6 5. Bd3 Nf6 6. Nc3 a6 7. a3 g6 8. Nge2
Bg7 9. O-O O-O 10. f4 b5 11. b4 Bg4 12. h3 Bxe2 13. Qxe2 e6 14. g4 Nd7 15. Qf2
Rc8 16. Bb2 Nb6 17. Ne2 Nc4 18. Bxc4 dxc4 19. Ng3 Qh4 20. Qg2 Rfd8 21. Rad1 Qe7
22. Ne4 a5 23. Bc3 axb4 24. axb4 Nxb4 25. Rb1 Nd5 26. Rxb5 Nxe3 27. Qf2 Nxf1
28. Kxf1 Rb8 29. Rc5 Rbc8 30. Rb5 Qa3 31. f5 exf5 32. gxf5 Re8 33. fxg6 fxg6
34. Qg2 Qc1+ 35. Be1 Rf8+ 36. Ke2 Rce8 37. Bd2 Qc2 0-1

[Event "Championnat de Martinique Toutes Catégor"]
[Site "Lamentin"]
[Date "2019.05.30"]
[Round "9.3"]
[White "Francois-Haugrin, Said"]
[Black "Anselin, Djavan"]
[Result "1-0"]
[WhiteElo "1897"]
[BlackElo "1485"]
[PlyCount "83"]
[EventDate "2019.??.??"]

1. e4 e6 2. d4 d5 3. exd5 exd5 4. c4 Nc6 5. Nc3 dxc4 6. Nf3 Bb4 7. Bxc4 Nf6 8.
O-O O-O 9. a3 Bxc3 10. bxc3 h6 11. a4 Bg4 12. Ba3 Re8 13. Qb3 Bxf3 14. Bxf7+
Kh8 15. gxf3 Re2 16. Qc4 Rc2 17. Qd3 Ne5 18. Qxc2 Nxf7 19. Rae1 Ng5 20. Qf5 Nd5
21. c4 Nb6 22. Be7 Qxd4 23. Bxg5 hxg5 24. Qxg5 Qxc4 25. Re4 Qf7 26. a5 Nc4 27.
Qh4+ Kg8 28. Rxc4 c6 29. a6 Qxf3 30. axb7 Rb8 31. Rb1 Qd5 32. Rcb4 a5 33. Rb6
c5 34. Qg4 Qd8 35. Qc4+ Kh7 36. Qxc5 Qe8 37. Qxa5 g5 38. Qf5+ Kh8 39. Rh6+ Kg8
40. Qh7+ Kf8 41. Rf6+ Qf7 42. Qxf7# 1-0